000 00231nam a22000857a 4500
008 170621b xxu||||| |||| 00| 0 eng d
100 _93599
_aGopalakrishnan. K. V
245 _aInventors who Revolution
260 _aNew Delhi
_bN. B. T
_c2008
999 _c6987
_d6987